• 首页
  • 本馆介绍
  • 公告通知
  • 最新文献
  • 馆藏检索
  • 电子资源
  • 读者导购
  • 参考咨询
  • 我的图书馆
  • 登录
  • 详细信息显示
  • 放入我的书架
  • 预约/预借图书
  • 作者相关作品
  • 分类相关作品
  • 丛书相关作品
  • 出版社相关作品

书目信息

  • 表格格式
  • 工作单格式
  • 卡片格式
题名:
视唱练耳节奏训练教程
    
 
作者: 孙大峰 主编
分册:  
出版信息: 重庆   西南师范大学出版社  2019.8
页数: 115页, [1] 叶图版
开本: 29cm
丛书名: 21世纪高等院校音乐专业教材
单 册:
中图分类: J613.7 , J613.1
科图分类:
主题词: 节奏--训练--教材 , 视唱练耳--教材
电子资源:
ISBN: 978-7-5621-9915-1
000 01211nam 2200301 45
001 012001001465
005 20130912133615.0
010    @a978-7-5621-9915-1@dCNY29.00
099    @aCAL 012020000353
100    @a20200102d2019 em y0chiy0110 ea
101 0  @achi
102    @aCN@b500000
105    @acfg z 000yy
106    @ar
200 1  @a视唱练耳节奏训练教程@Ashi chang lian er jie zou xun lian jiao cheng@f主编孙大峰
210    @a重庆@c西南师范大学出版社@d2019.8
215    @a115页, [1] 叶图版@c肖像, 乐谱@d29cm
225 2  @a21世纪高等院校音乐专业教材@A21 shi ji gao deng yuan xiao yin yue zhuan ye jiao cai
314    @a孙大峰,吉林艺术学院流行音乐学院院长、二级教授、澳门城市大学兼职博士生导师。1990年至今从事视唱练耳教学,多年来培养了大批优秀的音乐人才。
330    @a本书共九章,包括:四分基本节奏训练、二分基本节奏训练、八分基本节奏训练、基本节奏型连线与休止节奏训练、切分节奏训练、奇数节奏训练、重音移位节奏训练等。
461  0 @12001 @a21世纪高等院校音乐专业教材
606 0  @a节奏@x训练@j教材
606 0  @a视唱练耳@j教材
690    @aJ613.7@v5
690    @aJ613.1@v5
701  0 @a孙大峰@Asun da feng@4主编
801    @aCN@b江苏凤凰@c20211018
905    @b1343606-9@dJ613.7@e1340@f4
    
    视唱练耳节奏训练教程/主编孙大峰.-重庆:西南师范大学出版社,2019.8
    115页, [1] 叶图版:肖像, 乐谱;29cm.-(21世纪高等院校音乐专业教材)
    
    
    ISBN 978-7-5621-9915-1:CNY29.00
    本书共九章,包括:四分基本节奏训练、二分基本节奏训练、八分基本节奏训练、基本节奏型连线与休止节奏训练、切分节奏训练、奇数节奏训练、重音移位节奏训练等。
●
相关链接 在E读中查询图书 在五车中查询图书 在当当中查询图书 在豆瓣中查询图书


正题名:视唱练耳节奏训练教程     索取号:J613.7/1340         预约/预借

序号 登录号 条形码 馆藏地/架位号 状态 备注
1 1343606   213436067   第一样本阅览室/ [索取号:J613.7/1340] 在馆    
2 1343607   213436076   第一借阅区/ [索取号:J613.7/1340] 在馆    
3 1343608   213436085   第一借阅区/ [索取号:J613.7/1340] 在馆    
4 1343609   213436094   第一借阅区/ [索取号:J613.7/1340] 在馆    
唐山师范学院图书馆 欢迎您!
大连网信软件有限公司© 版权所有